| 000 | 00426nam a22001577a 4500 | ||
|---|---|---|---|
| 003 | MPLRDC | ||
| 005 | 20220104123324.0 | ||
| 008 | 210129b ||||| |||| 00| 0 eng d | ||
| 082 | _a312.98 ZZD 1990 | ||
| 100 | _a郑振东编译 | ||
| 245 |
_a最新电脑辅助工程暨电脑辅助制造 _c |
||
| 260 |
_a _b建宏出版社 _c1990 |
||
| 300 | _b平 | ||
| 650 | _a特殊电脑方法; 多媒体 | ||
| 942 |
_cBK _o312.98 ZZD 1990 |
||
| 999 |
_c10423 _d10413 |
||